| 000 | 00464nam a2200181Ia 4500 | ||
|---|---|---|---|
| 003 | GCL | ||
| 008 | 140319s9999 xx 000 0 ara d | ||
| 040 |
_aGCL / _cGCL |
||
| 082 | 0 | 4 |
_a956.6 _bغ ل |
| 100 | 1 | _aالغيلانى | |
| 245 | 1 | 0 |
_aاحياء باحياء / _cالغيلانى |
| 260 |
_a[S.N] : _bدار الجديد ، _c1992 |
||
| 300 | _a122 ص | ||
| 490 | _a | ||
| 650 | 0 | 4 | _aالقصص القصيرة |
| 650 | 0 | 4 | _aلبنان |
| 942 |
_2ddc _cBK |
||
| 999 |
_c55316 _d55316 |
||